Pokémon - Les attaques de Piafabec - Statistiques

Statistiques générales
  • Ce quiz a été pris 14 fois
  • Le résultat moyen est 7 sur 12
Statistiques - réponses
Niveaux Types Noms des attaques % Correct
Départ Vol Picpic
100%
Niveau 32 Vol Atterrissage
80%
Niveau 36 Vol Bec Vrille
80%
Départ Normal Rugissement
70%
Niveau 25 Psy Hâte
60%
Niveau 15 Vol Aéropique
50%
Niveau 11 Normal Furie
50%
Niveau 4 Normal Groz'Yeux
50%
Niveau 18 Vol Mimique
50%
Niveau 22 Ténèbres Assurance
40%
Niveau 8 Ténèbres Poursuite
40%
Niveau 29 Normal Puissance
20%
Aucun quiz correspondant
Distribution des résultats
% des personnes avec chaque résultat
Percentile par nombre de réponses
Votre historique - résultats
Vous n’avez pas pris ce quiz